Before and After - Statistics

General Stats
  • This quiz has been taken 529 times
  • The average score is 7 of 15
Answer Stats
Hint Answer % Correct
A prominent Disney character, and something used to catch vermin Mickey Mouse Trap
81%
English rock band who made The Dark Side of the Moon, and a former boxer who retired undefeated Pink Floyd Mayweather
73%
Place you go after a severe injury, and why you might call down to the hotel lobby Emergency Room Service
67%
Big birthday celebration for a teenage girl, and a romcom starring Molly Ringwald Sweet Sixteen Candles
60%
A golden retriever that can play basketball, and the beer dethroned as most popular in the United States Air Bud Light
58%
Genre of music shortened to R&B, and a 90s children's show hosted by Steve Rhythm and Blues Clues
54%
A playable character from Clue, and the home of the Packers Mr. Green Bay
47%
Former king of Macedonia, and a German breed of large mastiff-sighthound Alexander the Great Dane
37%
Creator of the crossword mini, and one of the most popular serif fonts New York Times New Roman
36%
A structure meant to regulate temperature for plants, and the prequel to Game of Thrones Greenhouse of the Dragon
34%
Someone who huffed and puffed and blew the house down, and an Austrian-American chef Big Bad Wolfgang Puck
33%
A group of muscles that helps move your arm, and a piece of jewelry traditionally meant for dress shirts Rotator Cuff Links
30%
Common sundae topping, and what Katy Perry liked when she kissed a girl Maraschino Cherry Chapstick
21%
One of Natasha Bedingfield's most popular songs, and Florida's state slogan Pocketful of Sunshine State
11%
A service hotel chain, and the creator of Abbott Elementary La Quinta Brunson
8%
No matching quizzes found
Score Distribution
Percent of People with Each Score
Percentile by Number Answered
Your Score History
You have not taken this quiz